Circuitos eléctricos

Saved in:
書目詳細資料
Main Authors: Dorf, Richard C (Author), Svoboda, James A (Author)
格式: 圖書
語言:西班牙语
出版: Cuernavaca, México Alfaomega 2011
版:Octava edición
主題:
在線閱讀:Disponible Online
標簽: 添加標簽
沒有標簽, 成為第一個標記此記錄!

MARC

LEADER 00000cam a2200000 a 4500
001 UCD6348
003 CL-VaPUC
005 20210513001442.0
008 161201e20110000mx |||||||||||||||||spa|d
999 |c 366701  |d 366699 
020 |a 9786077072324 
040 |c Pontificia Universidad Católica de Valparaíso 
082 0 4 |a 621.3192 DOR 2011  |2 21 
100 0 |a Dorf, Richard C  |e author  |9 590153 
245 1 0 |a Circuitos eléctricos 
250 |a Octava edición  
260 |a Cuernavaca, México   |b Alfaomega  |c 2011 
300 |a 886 páginas  
583 |a last modification  |c 20161201 17:35:00  |k Rodrigo Vera 
650 0 |a Amplificadores   |9 338119 
650 0 |a Circuitos eléctricos   |9 260262 
650 0 |a Equipo eléctrico  |2 CL-VaPUC  |9 345678 
650 0 |a Diseño de circuitos   |9 436862 
700 0 |a Svoboda, James A  |e author  |9 590154 
856 |u http://bibliografiadigital.pucv.cl.pucv.idm.oclc.org/index.php/bibliotecapucv/catalog/book/422  |y Disponible Online  
942 |c BK  |2 ddc 
945 |d 20161201 17:35:00  |a dcastane 
952 |0 0  |1 0  |2 ddc  |3 erb  |4 0  |6 621_319200000000000_DOR_2011  |7 0  |8 A  |9 481170  |a BIBING  |b BIBING  |c RES  |i 5354544  |l 4  |m 1  |o 621.3192 DOR 2011  |p 5354544  |r 2025-01-20  |s 2024-08-21  |w 2019-11-24  |y BK  |z Catalogado en:20161201  |k EIE 
952 |0 0  |1 0  |2 ddc  |3 erb  |4 0  |6 621_319200000000000_DOR_2011  |7 0  |8 A  |9 481171  |a BIBING  |b BIBING  |c RES  |i 5354536  |l 6  |o 621.3192 DOR 2011  |p 5354536  |r 2025-01-20  |s 2024-06-10  |w 2019-11-24  |y BK  |z Catalogado en:20161201  |k EIE 
952 |0 0  |1 0  |2 ddc  |3 erb  |4 0  |6 621_319200000000000_DOR_2011  |7 0  |8 A  |9 481172  |a BIBING  |b BIBING  |c RES  |i 5354528  |l 14  |o 621.3192 DOR 2011  |p 5354528  |r 2025-01-20  |s 2024-05-06  |w 2019-11-24  |y BK  |z Catalogado en:20161201  |k EIE 
952 |0 0  |1 0  |2 ddc  |3 erb  |4 0  |6 621_319200000000000_DOR_2011  |7 0  |8 A  |9 481173  |a BIBING  |b BIBING  |c RES  |i 535451K  |l 10  |o 621.3192 DOR 2011  |p 535451K  |r 2025-03-04  |s 2025-03-04  |w 2019-11-24  |y BK  |z Catalogado en:20161201  |k EIE 
952 |0 0  |1 0  |2 ddc  |3 erb  |4 0  |6 621_319200000000000_DOR_2011  |7 0  |8 A  |9 481174  |a BIBING  |b BIBING  |c RES  |i 5354501  |l 9  |m 1  |o 621.3192 DOR 2011  |p 5354501  |r 2025-01-20  |s 2024-03-26  |w 2019-11-24  |y BK  |z Catalogado en:20161201  |k EIE 
952 |0 0  |1 0  |2 ddc  |3 erb  |4 0  |6 621_319200000000000_DOR_2011  |7 0  |8 A  |9 481175  |a BIBING  |b BIBING  |c RES  |i 5354498  |l 7  |o 621.3192 DOR 2011  |p 5354498  |r 2025-01-20  |s 2024-05-07  |w 2019-11-24  |y BK  |z Catalogado en:20161201  |k EIE 
952 |0 0  |1 0  |2 ddc  |3 erb  |4 0  |6 621_319200000000000_DOR_2011  |7 0  |8 A  |9 481176  |a BIBING  |b BIBING  |c RES  |i 5360234  |l 7  |o 621.3192 DOR 2011  |p 5360234  |r 2025-01-20  |s 2023-09-29  |w 2019-11-24  |y BK  |z Catalogado en:20170119  |k EIE 
952 |0 0  |1 0  |2 ddc  |3 erb  |4 0  |6 621_319200000000000_DOR_2011  |7 0  |8 A  |9 481177  |a BIBING  |b BIBING  |c RES  |i 5360242  |l 5  |o 621.3192 DOR 2011  |p 5360242  |r 2025-01-20  |s 2024-05-22  |w 2019-11-24  |y BK  |z Catalogado en:20170119  |k EIE 
952 |0 0  |1 0  |2 ddc  |3 erb  |4 0  |6 621_319200000000000_DOR_2011  |7 0  |8 A  |9 481178  |a BIBING  |b BIBING  |c RES  |i 5360250  |l 7  |o 621.3192 DOR 2011  |p 5360250  |r 2025-01-20  |s 2024-09-09  |w 2019-11-24  |y BK  |z Catalogado en:20170119  |k EIE 
952 |0 0  |1 0  |2 ddc  |3 erb  |4 0  |6 621_319200000000000_DOR_2011  |7 0  |8 A  |9 481179  |a BIBING  |b BIBING  |c RES  |i 5360269  |l 7  |o 621.3192 DOR 2011  |p 5360269  |r 2025-01-20  |s 2024-10-23  |w 2019-11-24  |y BK  |z Catalogado en:20170119  |k EIE